Transnational torture : (Record no. 66386)

MARC details
000 -LEADER
fixed length control field 00878nam a22002297a 4500
005 - DATE AND TIME OF LATEST TRANSACTION
control field 20120509150659.0
008 - FIXED-LENGTH DATA ELEMENTS--GENERAL INFORMATION
fixed length control field 120509t xxu||||| |||| 00| 0 eng d
010 ## - LCCN (DPL NO)
LC control number ENG-105231
020 ## - INTERNATIONAL STANDARD BOOK NUMBER
International Standard Book Number 9788125045564
Terms of availability 725.00
035 ## - SYSTEM CONTROL NUMBER
System control number EN-88764
037 ## - SOURCE OF ACQUISITION
Source of stock number/acquisition DBAD/PUB
040 ## - CATALOGING SOURCE
Original cataloging agency DPL
Language of cataloging Eng
082 ## - DEWEY DECIMAL CLASSIFICATION NUMBER
Classification number 345.025
100 ## - MAIN ENTRY--PERSONAL NAME
9 (RLIN) 46516
Personal name Lokaneeta, Jinee
245 ## - TITLE STATEMENT
Title Transnational torture :
Statement of responsibility, etc by Jinee Lokaneeta
Remainder of title law, violence, and state power in the United States and India /
260 ## - PUBLICATION, DISTRIBUTION, ETC. (IMPRINT)
Place of publication, distribution, etc New Delhi
Name of publisher, distributor, etc Orient Blackswan
Date of publication, distribution, etc 2011
270 ## - ADDRESS
Address 1/24 Asaf Ali Road
City New Delhi
Postal code 110002
300 ## - PHYSICAL DESCRIPTION
Extent x,291p.
Dimensions 22cm(Hb)
500 ## - GENERAL NOTE
General note Includes bibliographical references and index
942 ## - ADDED ENTRY ELEMENTS (KOHA)
Source of classification or shelving scheme Dewey Decimal Classification
Item type English Books
Classification part 345.025
Call number suffix LOK
Holdings
Withdrawn status Lost status Source of classification or shelving scheme Damaged status Not for loan Collection code Home library Current library Date acquired Source of acquisition Cost, normal purchase price Total Checkouts Full call number Barcode Date last seen Copy number Cost, replacement price Koha item type
    Dewey Decimal Classification   Not For Loan Non-fiction D.B.Act.Division D.B.Act.Division 09/05/2012 DBAD/PUB 725.00   345.025 LOK EN-88764 09/05/2012 1 725.00 English Books

© Delhi Public Library
Hit Counter
free hit counter